[Event "DEM U12/U12w 2003"]
[Site "Willingen GER"]
[Date "2003.06.13"]
[Round "9"]
[White "Geske, Julian"]
[Black "Savchenko, Aleksij"]
[Result "1-0"]
[Termination "normal"]
[Board "1"]
[WhiteElo "1733"]
[BlackElo "1774"]
[PlyCount "165"]
[WhiteFideId "24605263"]
[BlackFideId "24611727"]
[EventCountry "GER"]
[EventRounds "11"]
[EventType "swiss"]
[EventDate "2003.06.07"]

1. e4 c5 2. Nf3 a6 3. d3 Nc6 4. g3 e5 5. Bg2 d6 6. O-O Be7 7. c3 g5 8. Ne1 h5
9. f4 h4 10. fxe5 dxe5 11. Qb3 Be6 12. Qc2 c4 13. Nd2 Bc5+ 14. Rf2 hxg3 15.
hxg3 Bxf2+ 16. Kxf2 Qf6+ 17. Kg1 cxd3 18. Nxd3 Qe7 19. Nf3 g4 20. Nfe1 Rd8 21.
Be3 Qc7 22. Qf2 Qe7 23. Qc2 Rc8 24. Qa4 Qc7 25. Rd1 Qa5 26. Qxa5 Nxa5 27. Nxe5
f6 28. Ng6 Rh7 29. b3 Rd7 30. Rc1 Nc6 31. Nf4 Bf7 32. Ned3 Ne5 33. Nc5 Rdc7 34.
Na4 b5 35. Nb6 Rc6 36. Nbd5 Rd8 37. Bb6 Rd7 38. Be3 Ne7 39. Nb4 Rcd6 40. Bc5
Rd1+ 41. Rxd1 Rxd1+ 42. Kf2 a5 43. Na6 Rd2+ 44. Ke3 Rxa2 45. Nc7+ Kd7 46. Nxb5
Bxb3 47. Bf1 a4 48. Nh5 Ke6 49. Nf4+ Kd7 50. Nh5 Ng8 51. Nf4 Ra1 52. Be2 Kc6
53. Bb4 Bc4 54. Nd4+ Kd7 55. Bxc4 Nxc4+ 56. Kd3 Ne5+ 57. Kc2 Nf3 58. Kb2 Rg1
59. Nde2 Re1 60. c4 Ng1 61. Bxe1 Nf3 62. Bb4 Ne5 63. Kc3 Nh6 64. Nd5 Ng8 65.
Nb6+ Kc7 66. Nxa4 Kc6 67. Nd4+ Kc7 68. Ba5+ Kc8 69. c5 Ne7 70. Nb6+ Kb7 71. Nd5
N7c6 72. Nxc6 Kxc6 73. Bb4 Nd7 74. Ne7+ Kc7 75. c6 Ne5 76. Ba5+ Kd6 77. c7 Kxe7
78. c8=Q Kf7 79. Kd4 Nf3+ 80. Kd5 Ng5 81. Bd2 Nf3 82. Qe6+ Kf8 83. Qxf6+ 1-0

[Event "DEM U12/U12w 2003"]
[Site "Willingen GER"]
[Date "2003.06.13"]
[Round "9"]
[White "Müller, Reinhold"]
[Black "Jussupow, Ekaterina"]
[Result "1-0"]
[Termination "normal"]
[Board "2"]
[WhiteElo "2003"]
[BlackElo "1709"]
[PlyCount "95"]
[WhiteFideId "24605875"]
[BlackFideId "24625400"]
[EventCountry "GER"]
[EventRounds "11"]
[EventType "swiss"]
[EventDate "2003.06.07"]

1. d4 Nf6 2. Nf3 d5 3. c4 e6 4. Bg5 Be7 5. Nc3 h6 6. Bh4 O-O 7. e3 b6 8. cxd5
Nxd5 9. Bxe7 Qxe7 10. Nxd5 exd5 11. Be2 Be6 12. Rc1 c5 13. O-O Nd7 14. h3 Rfd8
15. dxc5 bxc5 16. Qc2 Rac8 17. Rfd1 Nb6 18. Rd2 Qb7 19. Qd1 Nd7 20. Qf1 c4 21.
Ne1 Nc5 22. Bf3 Ne4 23. Bxe4 dxe4 24. Qe2 Qb4 25. Rdc2 Rd6 26. f3 Rcd8 27. a3
Qa5 28. fxe4 Qe5 29. Qf3 Rd2 30. Qf4 Qb5 31. Nf3 Rxc2 32. Rxc2 Rd1+ 33. Kh2 Qa4
34. Rf2 c3 35. bxc3 Qxa3 36. Ne5 f6 37. Ng6 Qxc3 38. Qb8+ Kf7 39. Ne5+ Ke7 40.
Qxa7+ Bd7 41. Ng6+ Kf7 42. Nf4 Qc4 43. e5 fxe5 44. Nd3+ Ke6 45. Nc5+ Ke7 46.
Qb8 Be8 47. Qxe5+ Kd8 48. Rf8 1-0

[Event "DEM U12/U12w 2003"]
[Site "Willingen GER"]
[Date "2003.06.13"]
[Round "9"]
[White "Seyb, Alexander"]
[Black "Wendling, Hannes"]
[Result "1/2-1/2"]
[Termination "normal"]
[Board "3"]
[WhiteElo "1807"]
[BlackElo "1652"]
[PlyCount "53"]
[WhiteFideId "4699033"]
[BlackFideId "24624284"]
[EventCountry "GER"]
[EventRounds "11"]
[EventType "swiss"]
[EventDate "2003.06.07"]

1. e4 e6 2. d4 d5 3. Nc3 dxe4 4. Nxe4 Bd7 5. Ne2 Bc6 6. N2c3 Bb4 7. Qd3 Bxe4 8.
Qxe4 c6 9. Bd2 Nf6 10. Qd3 Nbd7 11. O-O-O Qc7 12. Kb1 Be7 13. Be2 O-O-O 14. Qf3
Nb6 15. Be3 h6 16. h4 Bb4 17. Bf4 Bd6 18. Bxd6 Qxd6 19. Ne4 Nxe4 20. Qxe4 Nd5
21. c3 Qf4 22. Bf3 Qxe4+ 23. Bxe4 h5 24. g3 Nf6 25. Bf3 g6 26. Kc2 Kc7 27. Rd2
1/2-1/2

[Event "DEM U12/U12w 2003"]
[Site "Willingen GER"]
[Date "2003.06.13"]
[Round "9"]
[White "Nuber, Blasius"]
[Black "Zehnter, Sebastian"]
[Result "0-1"]
[Termination "normal"]
[Board "4"]
[WhiteElo "1560"]
[BlackElo "1750"]
[PlyCount "120"]
[WhiteFideId "24620289"]
[BlackFideId "24608670"]
[EventCountry "GER"]
[EventRounds "11"]
[EventType "swiss"]
[EventDate "2003.06.07"]

1. e4 d5 2. exd5 Qxd5 3. Nc3 Qa5 4. d4 c6 5. Bc4 Nf6 6. Nf3 Bf5 7. O-O e6 8.
Bd2 Qc7 9. Re1 Be7 10. Ne5 Nbd7 11. Bf4 Bd6 12. Qe2 O-O 13. h3 Nb6 14. Bb3 Nfd5
15. Bxd5 Nxd5 16. Bh2 Nxc3 17. bxc3 Rac8 18. c4 c5 19. d5 exd5 20. cxd5 Rce8
21. f4 f6 22. Qc4 b5 23. Qxb5 fxe5 24. fxe5 Bxe5 25. Bxe5 Rxe5 26. Rxe5 Qxe5
27. Rf1 Qxd5 28. c4 Qd4+ 29. Kh1 Qd3 30. Rf3 Qb1+ 31. Kh2 Qxb5 32. cxb5 Bd7 33.
Rc3 Rc8 34. a4 c4 35. Kg3 Be6 36. Kf4 Kf7 37. Ke5 Ke7 38. g4 Rd8 39. Ke4 Rd3
40. Rxd3 cxd3 41. Kxd3 Kd6 42. Kd4 Bd5 43. h4 Bf3 44. g5 g6 45. a5 Be2 46. b6
axb6 47. axb6 Bf3 48. Ke3 Bb7 49. Kf4 Ke6 50. Kg4 Ke5 51. h5 Ke4 52. hxg6 hxg6
53. Kh3 Kf4 54. Kh4 Kf5 55. Kh3 Kxg5 56. Kg3 Kf5 57. Kh3 g5 58. Kg3 g4 59. Kh2
Kf4 60. Kg1 g3 0-1

[Event "DEM U12/U12w 2003"]
[Site "Willingen GER"]
[Date "2003.06.13"]
[Round "9"]
[White "Weller, Manuel"]
[Black "Jorczik, Julian"]
[Result "0-1"]
[Termination "normal"]
[Board "6"]
[WhiteElo "1593"]
[BlackElo "1682"]
[PlyCount "120"]
[WhiteFideId "24635952"]
[BlackFideId "24611719"]
[EventCountry "GER"]
[EventRounds "11"]
[EventType "swiss"]
[EventDate "2003.06.07"]

1. d4 Nf6 2. c4 e6 3. Nc3 Bb4 4. Qc2 b6 5. Bg5 h6 6. Bh4 Bb7 7. a3 Bxc3+ 8.
Qxc3 O-O 9. e3 d6 10. f3 Nbd7 11. e4 e5 12. Bf2 c5 13. d5 Nh7 14. Bd3 Qg5 15.
g3 Rae8 16. h4 Qf6 17. Bc2 Bc8 18. Ne2 h5 19. O-O-O Re7 20. Rdg1 Rfe8 21. Kb1
Ndf8 22. Qe3 Qg6 23. Qd3 Nf6 24. Be3 N8h7 25. Qd2 Rf8 26. Nc3 Ne8 27. f4 f5 28.
fxe5 dxe5 29. b4 Nd6 30. exf5 Bxf5 31. Bxf5 Qxf5+ 32. Ka1 Nxc4 33. Qe2 Nxe3 34.
Qxe3 Qf3 35. Qd2 cxb4 36. axb4 Rc8 37. Nb5 Qb3 38. d6 Rc2 39. Qxc2 Qxc2 40.
dxe7 Qa4+ 41. Kb1 Qxb5 42. Kc2 Kf7 43. Ra1 Qxb4 44. Rhe1 Qxe7 45. Ra6 Qc5+ 46.
Kd2 Qd4+ 47. Ke2 Qc4+ 48. Kf2 Qxa6 49. Rxe5 Qa2+ 50. Kf3 Qb3+ 51. Kf2 Qb2+ 52.
Re2 Qxe2+ 53. Kxe2 Ke6 54. Ke3 Ke5 55. Kf3 Nf6 56. Ke3 a5 57. Kd3 b5 58. Kc3
b4+ 59. Kc4 Ne4 60. g4 hxg4 0-1

[Event "DEM U12/U12w 2003"]
[Site "Willingen GER"]
[Date "2003.06.13"]
[Round "9"]
[White "Sörös, Martin-Wolfgang"]
[Black "Geilfuss, Albert"]
[Result "1/2-1/2"]
[Termination "normal"]
[Board "7"]
[WhiteElo "1619"]
[BlackElo "1640"]
[PlyCount "30"]
[EventCountry "GER"]
[EventRounds "11"]
[EventType "swiss"]
[EventDate "2003.06.07"]

1. f4 d5 2. Nf3 Nf6 3. e3 g6 4. b3 Bg7 5. Bb2 O-O 6. Be2 b6 7. O-O Bb7 8. h3
Ne8 9. Bxg7 Nxg7 10. Qe1 Nd7 11. g4 f5 12. Qg3 a6 13. d3 c5 14. Nbd2 e6 15. d4
Qe7 1/2-1/2

[Event "DEM U12/U12w 2003"]
[Site "Willingen GER"]
[Date "2003.06.13"]
[Round "9"]
[White "Huschenbeth, Niclas"]
[Black "Schrödter, Thomas"]
[Result "1/2-1/2"]
[Termination "normal"]
[Board "8"]
[WhiteElo "1808"]
[BlackElo "1605"]
[PlyCount "44"]
[WhiteFideId "24604747"]
[EventCountry "GER"]
[EventRounds "11"]
[EventType "swiss"]
[EventDate "2003.06.07"]

1. e4 c5 2. d4 cxd4 3. c3 Nf6 4. e5 Nd5 5. cxd4 Nc6 6. Nf3 d6 7. Nc3 dxe5 8.
dxe5 Nxc3 9. Qxd8+ Nxd8 10. bxc3 Bd7 11. Be2 e6 12. Be3 Be7 13. O-O O-O 14. Nd2
f6 15. f4 Bc6 16. Bc4 Bd5 17. Bb3 fxe5 18. fxe5 Nf7 19. Bd4 Rfc8 20. Rad1 Bc5
21. Kh1 Bxd4 22. cxd4 Bxb3 1/2-1/2

[Event "DEM U12/U12w 2003"]
[Site "Willingen GER"]
[Date "2003.06.13"]
[Round "9"]
[White "Poetsch, Hagen"]
[Black "Bigalke, Tobias"]
[Result "0-1"]
[Termination "normal"]
[Board "9"]
[WhiteElo "1611"]
[BlackElo "1767"]
[PlyCount "76"]
[WhiteFideId "24615137"]
[BlackFideId "4698282"]
[EventCountry "GER"]
[EventRounds "11"]
[EventType "swiss"]
[EventDate "2003.06.07"]

1. e4 e6 2. d4 d5 3. e5 c5 4. c3 Nc6 5. Nf3 Qb6 6. Bd3 Bd7 7. dxc5 Bxc5 8. O-O
h6 9. b4 Be7 10. b5 Na5 11. Be3 Qc7 12. a4 b6 13. Qc2 Nc4 14. Bxc4 Qxc4 15.
Nbd2 Qc7 16. c4 Rc8 17. Rac1 Bb4 18. Qb2 Bxd2 19. Nxd2 Qb7 20. cxd5 Qxd5 21.
Rxc8+ Bxc8 22. Rc1 Bb7 23. f3 Ne7 24. Ne4 O-O 25. Bxh6 Ng6 26. Be3 Nxe5 27. Qa1
Rd8 28. Qb1 Rd7 29. Ng5 f5 30. Qc2 Nd3 31. Rd1 f4 32. Bf2 Qxg5 33. Rxd3 Qf5 34.
Bd4 Rxd4 35. Rc3 Qxc2 36. Rxc2 Rxa4 37. Kh1 Ra1+ 38. Rc1 Rxc1# 0-1

[Event "DEM U12/U12w 2003"]
[Site "Willingen GER"]
[Date "2003.06.13"]
[Round "9"]
[White "Mazarov, Jürgen"]
[Black "Moshtael, Wesal"]
[Result "1-0"]
[Termination "normal"]
[Board "10"]
[WhiteElo "1684"]
[BlackElo "1578"]
[PlyCount "109"]
[WhiteFideId "24617768"]
[BlackFideId "24618551"]
[EventCountry "GER"]
[EventRounds "11"]
[EventType "swiss"]
[EventDate "2003.06.07"]

1. e4 c5 2. Nf3 e6 3. Nc3 d6 4. d4 cxd4 5. Nxd4 Nf6 6. f3 a6 7. Be3 Nbd7 8. Bd3
b5 9. O-O Bb7 10. f4 b4 11. Nce2 Bxe4 12. Bxe4 Nxe4 13. f5 Ndc5 14. fxe6 fxe6
15. Nxe6 Nxe6 16. Qd5 Nf6 17. Qxe6+ Be7 18. Nd4 Qd7 19. Rad1 Qxe6 20. Nxe6 Kf7
21. Ng5+ Ke8 22. Rd2 Ng4 23. Bf4 Ne5 24. Bxe5 Bxg5 25. Bf4 Bxf4 26. Rxf4 a5 27.
Rxd6 Rd8 28. Rxd8+ Kxd8 29. Rf5 Ke7 30. Rxa5 Rc8 31. Rb5 Rxc2 32. Rxb4 Rc1+ 33.
Kf2 Rc2+ 34. Kg3 Rc6 35. a4 Ra6 36. Rg4 g6 37. b3 Rb6 38. b4 Kd6 39. b5 Kc5 40.
a5 Rxb5 41. Rg5+ Kc6 42. Rxb5 Kxb5 43. Kg4 Kxa5 44. Kg5 Kb5 45. Kh6 Kc5 46.
Kxh7 g5 47. Kh6 g4 48. Kh5 g3 49. hxg3 Kd6 50. g4 Ke6 51. Kh6 Kf7 52. g5 Kg8
53. g6 Kh8 54. g7+ Kg8 55. g3 1-0

[Event "DEM U12/U12w 2003"]
[Site "Willingen GER"]
[Date "2003.06.13"]
[Round "9"]
[White "Kim, Oi-sin"]
[Black "Kazhibadze, Georg"]
[Result "0-1"]
[Termination "normal"]
[Board "11"]
[WhiteElo "1588"]
[BlackElo "1681"]
[PlyCount "82"]
[WhiteFideId "24605778"]
[EventCountry "GER"]
[EventRounds "11"]
[EventType "swiss"]
[EventDate "2003.06.07"]

1. e4 c5 2. Nf3 Nc6 3. d4 cxd4 4. Nxd4 Nf6 5. Nc3 d6 6. f3 e5 7. Nb3 Be6 8. Be3
Be7 9. Qd2 O-O 10. g4 a5 11. a4 Nb4 12. g5 Ne8 13. O-O-O Rc8 14. h4 Qc7 15. h5
Bxb3 16. cxb3 Na2+ 17. Kc2 d5 18. exd5 Nd6 19. Ra1 Nb4+ 20. Kb1 Nf5 21. Bc4 Qd7
22. g6 Nxe3 23. Qxe3 Qf5+ 24. Qe4 Qg5 25. Nb5 Qg2 26. Rd1 f5 27. Qe2 Qxe2 28.
Bxe2 Rc2 29. Bc4 Bf6 30. d6+ Kh8 31. Nc3 e4 32. fxe4 fxe4 33. d7 e3 34. Bf7 Rd8
35. Be6 e2 36. Re1 Bg5 37. Ra3 Bd2 38. Ne4 Bxe1 39. Nd6 Bh4 40. Nf7+ Kg8 41.
Nxd8+ Kf8 0-1

[Event "DEM U12/U12w 2003"]
[Site "Willingen GER"]
[Date "2003.06.13"]
[Round "9"]
[White "Trapp, Maximilian"]
[Black "Gölz, Daniel"]
[Result "1/2-1/2"]
[Termination "normal"]
[Board "12"]
[WhiteElo "1506"]
[BlackElo "1682"]
[PlyCount "66"]
[BlackFideId "24626325"]
[EventCountry "GER"]
[EventRounds "11"]
[EventType "swiss"]
[EventDate "2003.06.07"]

1. f4 e5 2. e4 exf4 3. Nf3 d5 4. d3 dxe4 5. dxe4 Qxd1+ 6. Kxd1 Nf6 7. Bd3 Nh5
8. Nc3 c6 9. Ne2 g5 10. Nxg5 Bd6 11. Bc4 Rf8 12. Rf1 h6 13. Nf3 Nd7 14. Nfd4
Ne5 15. Bb3 Ng6 16. Nf5 Bxf5 17. exf5 Nh4 18. g4 fxg3 19. hxg3 Nxg3 20. Nxg3
Bxg3 21. Bxh6 O-O-O+ 22. Kc1 Rh8 23. Bg5 Rd7 24. Rd1 Nxf5 25. Rxd7 Kxd7 26. Kd2
Rh2+ 27. Kd3 Nd6 28. Rf1 f5 29. Rf3 Bh4 30. Bf4 Rf2 31. Rxf2 Bxf2 32. Be3 Bg3
33. Bxa7 f4 1/2-1/2

[Event "DEM U12/U12w 2003"]
[Site "Willingen GER"]
[Date "2003.06.13"]
[Round "9"]
[White "Kaczmarczyk, Dennis"]
[Black "Rath, Oliver"]
[Result "1/2-1/2"]
[Termination "normal"]
[Board "13"]
[WhiteElo "1715"]
[BlackElo "1513"]
[PlyCount "159"]
[WhiteFideId "24608297"]
[BlackFideId "24610380"]
[EventCountry "GER"]
[EventRounds "11"]
[EventType "swiss"]
[EventDate "2003.06.07"]

1. c4 e6 2. Nf3 d5 3. g3 Nf6 4. Bg2 Be7 5. d4 Nbd7 6. cxd5 exd5 7. O-O O-O 8.
Nc3 c6 9. Rb1 Nb6 10. b4 Bf5 11. Rb3 a5 12. bxa5 Rxa5 13. Nh4 Bc8 14. Bd2 Nc4
15. Nf3 Nxd2 16. Qxd2 Ra8 17. Ne5 Nd7 18. Nxd7 Qxd7 19. e3 Bf6 20. Rc1 Qd8 21.
Ne2 Qa5 22. Qxa5 Rxa5 23. Rc2 Re8 24. Nf4 Bg5 25. Nd3 Be7 26. Kf1 Bf5 27. Ke2
Rb8 28. Rcb2 Bc8 29. Rc3 Rba8 30. Rcc2 Ra3 31. Nc1 Bf5 32. Rd2 b5 33. Rb3 R3a4
34. f3 Bb4 35. Rdb2 Ba3 36. Rxa3 Rxa3 37. e4 dxe4 38. fxe4 Bg4+ 39. Kf2 R3a4
40. Ke3 Rc4 41. Nb3 b4 42. Rd2 Rc3+ 43. Kf4 Bd7 44. Ke5 Rd8 45. d5 cxd5 46.
Rxd5 f6+ 47. Kd4 Rcc8 48. Nc5 Bc6 49. Rxd8+ Rxd8+ 50. Ke3 Ra8 51. Bh3 Kf8 52.
Be6 Ke7 53. Bb3 Kd6 54. Kd4 Re8 55. Bc2 Re5 56. Na6 Rb5 57. Bd3 b3 58. a3 b2
59. Nb4 Ra5 60. Kc3 b1=Q 61. Bxb1 Rxa3+ 62. Kc4 Re3 63. Nxc6 Kxc6 64. Kd4 Re2
65. h4 Rg2 66. e5 fxe5+ 67. Kxe5 Rxg3 68. Bxh7 Rg4 69. h5 Rg5+ 70. Ke6 Rxh5 71.
Bg6 Rg5 72. Kf7 Kd6 73. Kxg7 Ke6 74. Kh7 Kf6 75. Bd3 Rg7+ 76. Kh8 Rg3 77. Bc2
Rh3+ 78. Kg8 Rh2 79. Be4 Ke7 80. Kg7 1/2-1/2

[Event "DEM U12/U12w 2003"]
[Site "Willingen GER"]
[Date "2003.06.13"]
[Round "9"]
[White "Korman, Maxim"]
[Black "Schroer, Claus"]
[Result "1-0"]
[Termination "normal"]
[Board "14"]
[WhiteElo "1711"]
[BlackElo "1475"]
[PlyCount "171"]
[WhiteFideId "24619787"]
[EventCountry "GER"]
[EventRounds "11"]
[EventType "swiss"]
[EventDate "2003.06.07"]

1. e4 e5 2. Nc3 Nf6 3. g3 d6 4. Bg2 Nc6 5. d3 Be6 6. Nge2 Qd7 7. f4 exf4 8.
Bxf4 Bh3 9. Bf3 O-O-O 10. Qd2 h6 11. O-O-O g5 12. Ng1 Bg4 13. Bxg4 Nxg4 14. Be3
Nxe3 15. Qxe3 Bg7 16. Nge2 Kb8 17. Rhf1 Ne5 18. Rf5 f6 19. Nd5 Rhf8 20. Rdf1 c6
21. Ndc3 Ng4 22. Qg1 Qc7 23. h3 Ne5 24. Nd4 Rfe8 25. Nf3 Nf7 26. Nh2 h5 27. g4
h4 28. R5f2 Qa5 29. Rf5 Qa6 30. Kb1 Nh6 31. R5f2 Qb6 32. Kc1 Qe3+ 33. Kb1 d5
34. Rf3 Qxg1 35. Rxg1 dxe4 36. Nxe4 Re6 37. Rgf1 Rde8 38. Kc1 Ng8 39. Nc5 R6e7
40. Kd1 Kc7 41. R1f2 b6 42. Ne4 Rd8 43. Kc1 a5 44. Nf1 a4 45. Ne3 a3 46. Nf5
axb2+ 47. Kxb2 Rf7 48. Nxg7 Rxg7 49. Nxf6 Nh6 50. Ne4 Rdd7 51. Rf6 Ng8 52. R6f5
Rd5 53. Rxd5 cxd5 54. Nf6 Nxf6 55. Rxf6 Re7 56. Rf5 Re3 57. Rxd5 Rxh3 58. Rxg5
Rg3 59. Rg7+ Kd8 60. g5 h3 61. Rh7 Ke8 62. g6 Kf8 63. d4 Kg8 64. d5 b5 65. c3
Rg2+ 66. Kb3 Rh2 67. d6 Rd2 68. Rxh3 Rxd6 69. Rg3 Kg7 70. Rg2 Rb6 71. Kb4 Rb7
72. Rg5 Ra7 73. a3 Ra6 74. Rxb5 Rxg6 75. c4 Rg4 76. Rf5 Kg6 77. Rf3 Rg1 78. a4
Rb1+ 79. Kc5 Rb8 80. a5 Rc8+ 81. Kb5 Rb8+ 82. Ka6 Ra8+ 83. Kb6 Rb8+ 84. Kc7 Ra8
85. Ra3 Kf6 86. a6 {Leider wurde in der ersten Zeitnotphase nicht korrekt
mitgeschrieben, so dass ich keine Garantie fuer die Richtigkeit geben kann. ;-)
} 1-0

[Event "DEM U12/U12w 2003"]
[Site "Willingen GER"]
[Date "2003.06.13"]
[Round "9"]
[White "Linsenmeyer, Mario"]
[Black "Fink, Leander"]
[Result "1/2-1/2"]
[Termination "normal"]
[Board "15"]
[WhiteElo "1500"]
[BlackElo "1657"]
[PlyCount "83"]
[WhiteFideId "24635138"]
[BlackFideId "24605247"]
[EventCountry "GER"]
[EventRounds "11"]
[EventType "swiss"]
[EventDate "2003.06.07"]

1. e4 c5 2. Nf3 Nc6 3. d4 cxd4 4. Nxd4 e5 5. Nf5 d6 6. Ne3 Nf6 7. Nc3 Be6 8.
Be2 Be7 9. O-O O-O 10. Bf3 a6 11. Ned5 Nd4 12. Nxf6+ Bxf6 13. Be3 Nc6 14. Nd5
Bxd5 15. Qxd5 Qc7 16. c3 Rfd8 17. Rad1 Rac8 18. Rd2 b5 19. Rfd1 Be7 20. h3 b4
21. Qc4 Qb7 22. cxb4 Nd4 23. Qd3 Nxf3+ 24. gxf3 Qxb4 25. Qxa6 Ra8 26. Qb6 Qc4
27. Qb3 Qxb3 28. axb3 f5 29. Rc2 Rdb8 30. Rd3 Rb7 31. Bd2 f4 32. b4 Kf7 33. Rd5
Rab8 34. Rc6 Rb5 35. Rxb5 Rxb5 36. Bc3 Ke8 37. Ra6 Kd7 38. Ra7+ Ke6 39. Ra5 Rb7
40. Rd5 Rb8 41. b5 Bd8 42. b6 1/2-1/2

[Event "DEM U12/U12w 2003"]
[Site "Willingen GER"]
[Date "2003.06.13"]
[Round "9"]
[White "Wortmann, Jonas"]
[Black "Falke, Isaak"]
[Result "1/2-1/2"]
[Termination "normal"]
[Board "16"]
[WhiteElo "1608"]
[BlackElo "1460"]
[PlyCount "90"]
[WhiteFideId "24628069"]
[BlackFideId "24614483"]
[EventCountry "GER"]
[EventRounds "11"]
[EventType "swiss"]
[EventDate "2003.06.07"]

1. d4 d5 2. c4 dxc4 3. Nf3 e6 4. e3 Nf6 5. Bxc4 c5 6. O-O Be7 7. Nc3 O-O 8. Qe2
Nbd7 9. Rd1 a6 10. a4 b6 11. Ne5 Qc7 12. f4 Bb7 13. Nxd7 Qxd7 14. dxc5 Qc6 15.
cxb6 Qxb6 16. Bd3 Qc6 17. e4 Bb4 18. Bd2 Rfd8 19. e5 Nh5 20. Rac1 Bxc3 21. Rxc3
Qd5 22. Be3 g6 23. Rcc1 Qb3 24. Qc2 Qb4 25. Rf1 Rac8 26. Bc4 Bd5 27. b3 Ng7 28.
Qa2 Rb8 29. Rb1 Nf5 30. Bf2 Qb7 31. Bxd5 Qxd5 32. Qc2 Nd4 33. Bxd4 Qxd4+ 34.
Qf2 Qd3 35. b4 Qa3 36. a5 Rxb4 37. Qc5 Rdb8 38. Rfd1 Rxb1 39. Qxa3 Rxd1+ 40.
Kf2 Rdb1 41. Qd6 R1b2+ 42. Kg3 R8b3+ 43. Kh4 Rxg2 44. Qd8+ Kg7 45. Qf6+ Kg8
1/2-1/2

[Event "DEM U12/U12w 2003"]
[Site "Willingen GER"]
[Date "2003.06.13"]
[Round "9"]
[White "Collmann, Martin"]
[Black "Fischer, Benjamin"]
[Result "0-1"]
[Termination "normal"]
[Board "17"]
[WhiteElo "1438"]
[BlackElo "1591"]
[PlyCount "75"]
[EventCountry "GER"]
[EventRounds "11"]
[EventType "swiss"]
[EventDate "2003.06.07"]

1. e4 e6 2. d4 d5 3. Nc3 Nf6 4. Bg5 Be7 5. Bxf6 Bxf6 6. Nf3 O-O 7. Bd3 Nc6 8.
e5 Be7 9. h4 f6 10. exf6 Bxf6 11. Bxh7+ Kxh7 12. Ng5+ Kg8 13. Qh5 Bxg5 14. hxg5
Rf5 15. Qh7+ Kf8 16. g6 Qf6 17. Qh8+ Ke7 18. Rh7 Nxd4 19. Rxg7+ Kd6 20. Qh2+
Re5+ 21. Kf1 Qxg7 22. f4 Rf5 23. g4 Qxg6 24. gxf5 Qxf5 25. Re1 Nf3 26. Nb5+ Ke7
27. Qg2 Nxe1 28. Qg7+ Qf7 29. Qxf7+ Kxf7 30. Kxe1 Bd7 31. Nd4 Rh8 32. Ke2 c5
33. Nb3 b6 34. Kd3 Rh3+ 35. Kd2 Rxb3 36. axb3 Kf6 37. Ke3 Bb5 38. Kf3 0-1

[Event "DEM U12/U12w 2003"]
[Site "Willingen GER"]
[Date "2003.06.13"]
[Round "9"]
[White "Gahn, Juliane"]
[Black "Zahn, Benno"]
[Result "1-0"]
[Termination "normal"]
[Board "18"]
[WhiteElo "1379"]
[BlackElo "1529"]
[PlyCount "55"]
[BlackFideId "24636070"]
[EventCountry "GER"]
[EventRounds "11"]
[EventType "swiss"]
[EventDate "2003.06.07"]

1. e4 c5 2. Nf3 d6 3. d4 cxd4 4. Nxd4 g6 5. Be3 Bg7 6. Bc4 Nf6 7. Nc3 O-O 8. f3
Nc6 9. Qd2 Bd7 10. O-O-O a6 11. g4 Rc8 12. Bb3 Na5 13. Kb1 Nxb3 14. cxb3 b5 15.
h4 Qc7 16. h5 e6 17. Bg5 Qb7 18. Qh2 Bc6 19. hxg6 fxg6 20. Nxe6 Rf7 21. Nxg7
Kxg7 22. Bxf6+ Kxf6 23. Rxd6+ Ke7 24. Qe5+ Kf8 25. Rhd1 Rxf3 26. Qh8+ Kf7 27.
Qxh7+ Kf8 28. Rd8+ 1-0

[Event "DEM U12/U12w 2003"]
[Site "Willingen GER"]
[Date "2003.06.13"]
[Round "9"]
[White "Bradler, Stephan"]
[Black "Khramoy, Gennadiy"]
[Result "0-1"]
[Termination "normal"]
[Board "19"]
[WhiteElo "1366"]
[BlackElo "1517"]
[PlyCount "100"]
[WhiteFideId "24629367"]
[EventCountry "GER"]
[EventRounds "11"]
[EventType "swiss"]
[EventDate "2003.06.07"]

1. e4 c6 2. d4 d5 3. e5 Bf5 4. g4 Bg6 5. h4 h6 6. Bd3 Bxd3 7. Qxd3 e6 8. Be3
Qb6 9. b3 c5 10. Nc3 Nc6 11. Na4 Qc7 12. Qb5 cxd4 13. Bxd4 a6 14. Qb6 Qxb6 15.
Bxb6 Nxe5 16. f3 Rc8 17. Kd2 Nf6 18. Bd4 Ned7 19. Ne2 Bd6 20. g5 Ng8 21. Bxg7
Rh7 22. Bb2 b5 23. Nac3 Ne7 24. a4 bxa4 25. Nxa4 Nf5 26. Nac3 Ra8 27. Rae1 Ne5
28. Ng1 hxg5 29. Nxd5 Nd7 30. Bf6 gxh4 31. f4 Kf8 32. Nf3 exd5 33. Bxh4 Bxf4+
34. Kd3 Nxh4 35. Nxh4 Rh5 36. Ref1 Nc5+ 37. Kc3 Ne6 38. Kb4 Ke8 39. c4 Bd6+ 40.
Ka5 dxc4+ 41. Kb6 cxb3 42. Nf5 Rxh1 43. Nxd6+ Kd7 44. Rxf7+ Kxd6 45. Ra7 Rxa7
46. Kxa7 b2 47. Ka8 b1=Q 48. Ka7 Rh7+ 49. Kxa6 Rb7 50. Ka5 Qb5# 0-1

[Event "DEM U12/U12w 2003"]
[Site "Willingen GER"]
[Date "2003.06.13"]
[Round "9"]
[White "Jannes, Alexander"]
[Black "Hannes, Diana"]
[Result "1/2-1/2"]
[Termination "normal"]
[Board "20"]
[WhiteElo "1515"]
[BlackElo "1145"]
[PlyCount "39"]
[WhiteFideId "4647955"]
[BlackFideId "24611344"]
[EventCountry "GER"]
[EventRounds "11"]
[EventType "swiss"]
[EventDate "2003.06.07"]

1. d4 f5 2. c4 e6 3. Nc3 Nf6 4. Nf3 d5 5. cxd5 exd5 6. Bg5 c6 7. e3 Bd6 8. Bd3
O-O 9. Qc2 h6 10. Bh4 g6 11. Ne5 Qe8 12. Bg3 Nbd7 13. Nxg6 Bxg3 14. Nxf8 Qxe3+
15. Qe2 Bxf2+ 16. Kf1 Nxf8 17. Qxe3 Bxe3 18. Ne2 Ne4 19. Bxe4 dxe4 20. Rd1
1/2-1/2

[Event "DEM U12/U12w 2003"]
[Site "Willingen GER"]
[Date "2003.06.13"]
[Round "9"]
[White "Remy, Janina"]
[Black "Rafiee, Makan"]
[Result "0-1"]
[Termination "normal"]
[Board "21"]
[WhiteElo "1672"]
[BlackElo "1579"]
[PlyCount "98"]
[WhiteFideId "24627348"]
[BlackFideId "24609340"]
[EventCountry "GER"]
[EventRounds "11"]
[EventType "swiss"]
[EventDate "2003.06.07"]

1. e4 c5 2. c3 d5 3. exd5 Qxd5 4. d4 Nf6 5. dxc5 Qxc5 6. Be3 Qc7 7. Na3 a6 8.
Nc4 Nbd7 9. Nf3 b5 10. Ncd2 e6 11. Be2 Be7 12. h3 O-O 13. O-O Bb7 14. Qc2 Rfd8
15. Rad1 Nd5 16. Bd3 h6 17. Rfe1 N7f6 18. c4 Nb4 19. Qb1 Nxd3 20. Re2 bxc4 21.
Ne1 e5 22. Nxd3 cxd3 23. Ree1 e4 24. Rc1 Qd7 25. Bb6 Rdc8 26. Rxc8+ Rxc8 27.
Rc1 Rxc1+ 28. Qxc1 Qc6 29. Qxc6 Bxc6 30. Kf1 Bb4 31. Ke1 Nd5 32. Bd4 f5 33. g3
f4 34. g4 e3 35. fxe3 fxe3 36. Bxe3 Nxe3 37. a3 Ng2+ 38. Kd1 Bxd2 39. Kxd2 Nf4
40. h4 Kf7 41. b4 Ke6 42. Ke3 Kd5 43. Kd2 Kd4 44. h5 Ba4 45. Ke1 Ke3 46. Kf1 d2
47. Kg1 d1=Q+ 48. Kh2 Qf1 49. b5 Qg2# 0-1

[Event "DEM U12/U12w 2003"]
[Site "Willingen GER"]
[Date "2003.06.13"]
[Round "9"]
[White "Smolkina, Milana"]
[Black "Schulz, Marcel"]
[Result "0-1"]
[Termination "normal"]
[Board "22"]
[WhiteElo "1623"]
[BlackElo "1406"]
[PlyCount "110"]
[WhiteFideId "24618780"]
[BlackFideId "1270585"]
[EventCountry "GER"]
[EventRounds "11"]
[EventType "swiss"]
[EventDate "2003.06.07"]

1. d4 f5 2. Nc3 d5 3. Bg5 g6 4. Nf3 Bg7 5. Qd2 Nf6 6. Bh6 O-O 7. Bxg7 Kxg7 8.
e3 Nc6 9. Be2 Be6 10. h4 h6 11. Ng1 a6 12. Nh3 Qe8 13. Nf4 Bf7 14. Qd1 Rd8 15.
Rh3 Ne4 16. Nxe4 dxe4 17. Qc1 e5 18. dxe5 Nxe5 19. Rg3 Qe7 20. Rh3 Nc4 21. c3
Rd7 22. Bxc4 Bxc4 23. Qc2 Rfd8 24. Qc1 b5 25. Ne2 c5 26. b3 Bxe2 27. Kxe2 Rd3
28. Rh1 Qf6 29. c4 Rc3 30. Qb1 Rcd3 31. Qc1 Qc3 32. Qxc3+ Rxc3 33. Rhd1 Rc2+
34. Ke1 Rxd1+ 35. Rxd1 Rxa2 36. cxb5 axb5 37. Rc1 Rb2 38. Rxc5 Rxb3 39. Rc2 b4
40. Kd2 Rd3+ 41. Kc1 b3 42. Rd2 Kf6 43. Re2 g5 44. hxg5+ hxg5 45. Kb2 Ke5 46.
f3 exf3 47. gxf3 f4 48. exf4+ Kxf4 49. Rf2 Rxf3 50. Rd2 g4 51. Rd4+ Kg3 52. Rd1
Kg2 53. Rd2+ Rf2 54. Rxf2+ Kxf2 55. Kxb3 g3 0-1